Analytic Modality in Macedonian (Record no. 91644)
[ view plain ]
| 000 -LEADER | |
|---|---|
| fixed length control field | 01147nam a2200241Ii 4500 |
| 008 - FIXED-LENGTH DATA ELEMENTS--GENERAL INFORMATION | |
| fixed length control field | 221202s xx 000 0 und d |
| 100 1# - MAIN ENTRY--PERSONAL NAME | |
| Personal name | Kramer, Christina Elizabeth, |
| Relator term | author |
| 245 #0 - TITLE STATEMENT | |
| Title | Analytic Modality in Macedonian |
| 264 #1 - PRODUCTION, PUBLICATION, DISTRIBUTION, MANUFACTURE, AND COPYRIGHT NOTICE | |
| Place of production, publication, distribution, manufacture | Bern |
| Name of producer, publisher, distributor, manufacturer | Peter Lang International Academic Publishers |
| Date of production, publication, distribution, manufacture, or copyright notice | 1986 |
| 300 ## - PHYSICAL DESCRIPTION | |
| Extent | 1 online resource (177 pages) |
| 336 ## - CONTENT TYPE | |
| Content type term | text |
| Content type code | txt |
| Source | rdacontent |
| 337 ## - MEDIA TYPE | |
| Media type term | computer |
| Media type code | c |
| Source | rdamedia |
| 338 ## - CARRIER TYPE | |
| Carrier type term | online resource |
| Carrier type code | cr |
| Source | rdacarrier |
| 490 ## - SERIES STATEMENT | |
| Series statement | Slavistische Beitraege |
| Volume/sequential designation | 198 |
| 520 ## - SUMMARY, ETC. | |
| Summary, etc. | In der Reihe Slavistische Beiträge werden vor allem slavistische Dissertationen des deutschsprachigen Raums sowie vereinzelt auch amerikanische, englische und russische publiziert. Darüber hinaus stellt die Reihe ein Forum für Sammelbände und Monographien etablierter Wissenschafter/innen dar. |
| 653 ## - INDEX TERM--UNCONTROLLED | |
| Uncontrolled term | Analytic |
| 653 ## - INDEX TERM--UNCONTROLLED | |
| Uncontrolled term | Kramer |
| 653 ## - INDEX TERM--UNCONTROLLED | |
| Uncontrolled term | Linguistik |
| 653 ## - INDEX TERM--UNCONTROLLED | |
| Uncontrolled term | Literaturwissenschaft |
| 653 ## - INDEX TERM--UNCONTROLLED | |
| Uncontrolled term | Macedonian |
| 856 ## - ELECTRONIC LOCATION AND ACCESS | |
| Uniform Resource Identifier | <a href="https://docs.google.com/spreadsheets/d/1yKIrdCPDAG_9c22mwoOIO2DOhtj65Wqa/edit?usp=sharing&ouid=106555315294820607512&rtpof=true&sd=true ">https://docs.google.com/spreadsheets/d/1yKIrdCPDAG_9c22mwoOIO2DOhtj65Wqa/edit?usp=sharing&ouid=106555315294820607512&rtpof=true&sd=true </a> |
| Link text | List of Curated E-Books |
| 942 ## - ADDED ENTRY ELEMENTS (KOHA) | |
| Koha item type | E-Book |
No items available.